¿En qué ciudad se encuentra cada estadio español? - Estadísticas

Estadísticas generales
  • Esta prueba ha sido intentada 66 veces
  • La puntuación promedio es 11 de 15
Estadísticas de respuestas
Hint Respuesta % Correcto
Riazor A Coruña
98%
La Rosaleda Málaga
95%
La Romareda Zaragoza
93%
El Molinón Gijón
89%
José Zorrilla Valladolid
88%
Nuevo Los Cármenes Granada
86%
Carlos Belmonte Albacete
79%
Nuevo Carlos Tartiere Oviedo
77%
Nuevo Mirandilla Cádiz
70%
Heliodoro Rodríguez López Tenerife
68%
Nuevo Colombino Huelva
63%
El Alcoraz Huesca
56%
Anduva Miranda de Ebro
47%
El Toralín Ponferrada
40%
Nuevo Pepico Amat Elda
30%
No se encontraron pruebas coincidentes
Distribución de puntuación
Porcentaje de gente con cada puntuación
Porcentaje por número respondido
Historial de tus puntuaciones
No has intentado esta prueba.